ბათუმის შოთა რუსთაველის სახელმწიფო უნივერსიტეტის ბიბლიოთეკა

Экономика социального страхования (ბიბ.ჩანაწერი № 36950)

000 -LEADER
fixed length control field 00710nam a2200229Ia 4500
001 - CONTROL NUMBER
control field 2901
003 - CONTROL NUMBER IDENTIFIER
control field GE_BSU
008 - FIXED-LENGTH DATA ELEMENTS--GENERAL INFORMATION
fixed length control field 181216s||||||||xx |||||||||||||| ||und||
020 ## - INTERNATIONAL STANDARD BOOK NUMBER
International Standard Book Number 5721801913
040 ## - CATALOGING SOURCE
Transcribing agency GE_BSU
080 ## - UNIVERSAL DECIMAL CLASSIFICATION NUMBER
Universal Decimal Classification number 33+369(075.8)
100 ## - MAIN ENTRY--PERSONAL NAME
Personal name А.М.Бабич, Егоров Е.В. Е.Н.Жильцов
245 ## - TITLE STATEMENT
Title Экономика социального страхования
245 ## - TITLE STATEMENT
Remainder of title курс лекций. Экономический факультет МГУ
260 ## - PUBLICATION, DISTRIBUTION, ETC.
Place of publication, distribution, etc. Москва
260 ## - PUBLICATION, DISTRIBUTION, ETC.
Name of publisher, distributor, etc. Теис
260 ## - PUBLICATION, DISTRIBUTION, ETC.
Date of publication, distribution, etc. 1998
300 ## - PHYSICAL DESCRIPTION
Extent 190 с. 20 см.
653 ## - INDEX TERM--UNCONTROLLED
Uncontrolled term Экономика социального страхования
942 ## - ADDED ENTRY ELEMENTS (KOHA)
Koha item type წიგნი
ეგზემპლარები
Withdrawn status Lost status Damaged status Not for loan Date acquired Barcode Date last seen Price effective from Koha item type Public note
        2018-12-17 7849 2018-12-17 2018-12-17 წიგნი დარბაზი
        2018-12-17 7850 2018-12-17 2018-12-17 წიგნი დარბაზი
        2018-12-17 8078 2018-12-17 2018-12-17 წიგნი დარბაზი
        2018-12-17 8079 2018-12-17 2018-12-17 წიგნი დარბაზი
        2018-12-17 8080 2018-12-17 2018-12-17 წიგნი დარბაზი
        2018-12-17 8081 2018-12-17 2018-12-17 წიგნი დარბაზი
        2018-12-17 8082 2018-12-17 2018-12-17 წიგნი დარბაზი